Normal view
MARC view
- Java (Computer program language)
Entry Topical Term
001 - CONTROL NUMBER
- control field: 2843
003 - CONTROL NUMBER IDENTIFIER
- control field: JO-AjAnu
005 - DATE AND TIME OF LATEST TRANSACTION
- control field: 20230606070753.0
008 - FIXED-LENGTH DATA ELEMENTS
- fixed length control field: 230606|| aca||aabn | a|a d
040 ## - CATALOGING SOURCE
- Original cataloging agency: JO-AjAnu
- Transcribing agency: JO-AjAnu
150 ## - HEADING--TOPICAL TERM
- Topical term or geographic name entry element: Java (Computer program language)
670 ## - SOURCE DATA FOUND
- Source citation: Work cat.: (JO-AjAnu)1489: GADDIS,TONY,Mukherjee,Soumen, author 2842, Starting OUT With JAVA From Conntrol Structures through Objects